Špeciálne požiadavky Radíme používateľom výpočtovej techniky
Štandardný software a špeciálne požiadavky. Tzv. nová verzia programu (upgrade alebo update) - zlepšenie kvality služieb. Zákazkový software - prepracovanie, resp. vytvorenie nového produktu podľa požiadavky zákazníka. Cenová politika SW-firmy. Správnu formuláciu požiadaviek a nárokov na vytvorenie...
Gespeichert in:
| 1. Verfasser: | |
|---|---|
| Format: | Buchkapitel |
| Sprache: | Slowakisch |
| Schlagworte: | |
| Tags: |
Keine Tags, Fügen Sie das erste Tag hinzu!
|
MARC
| LEADER | 00000naa a2200000 4500 | ||
|---|---|---|---|
| 001 | r016431 | ||
| 005 | 20221213113628.4 | ||
| 041 | 0 | |a slo | |
| 044 | |a SK | ||
| 245 | 1 | 0 | |a Špeciálne požiadavky |b Radíme používateľom výpočtovej techniky |c J. Keselý |
| 520 | |a Štandardný software a špeciálne požiadavky. Tzv. nová verzia programu (upgrade alebo update) - zlepšenie kvality služieb. Zákazkový software - prepracovanie, resp. vytvorenie nového produktu podľa požiadavky zákazníka. Cenová politika SW-firmy. Správnu formuláciu požiadaviek a nárokov na vytvorenie zákazkového softwaru zabezpečí kvalifikovaný konzultant - vytvorenie primárneho rámcového projektu. Spôsoby získavania kontaktov na konzultanta, príprava podkladov. | ||
| 610 | 2 | 0 | |a softvér |
| 610 | 2 | 0 | |a technika výpočtová |
| 610 | 2 | 0 | |a podnik |
| 610 | 2 | 0 | |a AIS |
| 610 | 2 | 0 | |a používatelia |
| 610 | 2 | 0 | |a ceny |
| 610 | 2 | 0 | |a služby obchodno-technické |
| 610 | 2 | 0 | |a zákazníci |
| 610 | 2 | 0 | |a programy počítačové |
| 610 | 2 | 0 | |a poradenstvo technické |
| 610 | 2 | 0 | |a systémy informačné podnikové |
| 100 | 1 | |a Keselý, J. | |